| 000 -LEADER |
| fixed length control field |
01148nam a2200217Ia 4500 |
| 001 - CONTROL NUMBER |
| control field |
11673 |
| 003 - CONTROL NUMBER IDENTIFIER |
| control field |
GE_BSU |
| 008 - FIXED-LENGTH DATA ELEMENTS--GENERAL INFORMATION |
| fixed length control field |
181216s||||||||xx |||||||||||||| ||und|| |
| 040 ## - CATALOGING SOURCE |
| Transcribing agency |
GE_BSU |
| 080 ## - UNIVERSAL DECIMAL CLASSIFICATION NUMBER |
| Universal Decimal Classification number |
619:616.1(075.8) |
| 245 ## - TITLE STATEMENT |
| Title |
სასოფლო–სამეურნეო ცხოველთა შინაგანო არაგადამდები დაავადებები. |
| 245 ## - TITLE STATEMENT |
| Remainder of title |
სახელმძღვ.ვეტერინარული ინ–ტის სტუდენტ. |
| 245 ## - TITLE STATEMENT |
| Statement of responsibility, etc. |
რედ:მ.ძიმისტარიშვილი:გარეკანის მხატვ:ა.მინდორაშვილი;თარგმ. |
| 250 ## - EDITION STATEMENT |
| Edition statement |
მეორე რუსული შესწ. და შევსებ.გამოც. |
| 260 ## - PUBLICATION, DISTRIBUTION, ETC. |
| Place of publication, distribution, etc. |
თბილისი. |
| 260 ## - PUBLICATION, DISTRIBUTION, ETC. |
| Name of publisher, distributor, etc. |
განათლება. |
| 260 ## - PUBLICATION, DISTRIBUTION, ETC. |
| Date of publication, distribution, etc. |
1966. |
| 300 ## - PHYSICAL DESCRIPTION |
| Extent |
716გვ;25სმ. |
| 653 ## - INDEX TERM--UNCONTROLLED |
| Uncontrolled term |
სასოფლო–სამეურნეო ცხოველთა შინაგანო არაგადამდები დაავადებები. |
| 942 ## - ADDED ENTRY ELEMENTS (KOHA) |
| Koha item type |
წიგნი |